01178cam a22002775a 45000010009000000050017000090080041000260200016000670200018000830400028001010820024001291000028001532450090001812600041002713000021003125040031003336500060003646500054004246500044004786510072005226510074005946530034006689420024007029990017007269520157007431755317120160120111324.0121207s2013 nyu frb 000 0 eng d a1594205450  z9781594205453 aDLCbengcDLCdEG-ScBUE04a306.091724222bFER1 aFerguson, Niall.93687614aThe great degeneration :bhow institutions decay and economies die /cNiall Ferguson. aNew York :bPenguine Press, c2013. a174 p. ;c22 cm. aBibliography : p. 155-174. 7aSocial institutionszDeveloped countries.2BUEsh939094 7aCivil societyzDeveloped countries.2BUEsh939095 7aRegression (Civilization)2BUEsh939097 7aDeveloped countriesxSocial conditionsy21st century.2BUEsh939098 7aDeveloped countriesxEconomic conditionsy21st century.2BUEsh939099 bBUSADMcJuly2015cJanuary2016 2ddck306.091724 FER c20143d20115 00102ddc40708BaccahaMAINbMAINc1STd2015-07-02ePurchaseg188.00h22696l1o306.091724 FERp000039418r2025-07-15 00:00:00s2016-10-11v235.00yBB